000 00650nam a2200217 i 4500
001 bg
245 0 0 _aMiscellanea pomorskie :
_bstudia z dziejów Pomorza Zachodniego i Nadwiślańskiego /
_cpod red. Wojciecha Skóry.
260 _aSłupsk :
_bWydawnictwo Naukowe Akademii Pomorskiej,
_c2008.
300 _a193 s. :
_bil. ;
_c25 cm.
651 9 _aPomorze
_xhistoria
700 1 _aSkóra, Wojciech
_d(1964- ).
_eRed.
015 _aPB 6889/2009
020 _a9788374671132
040 _cBPK
041 _apol
044 _aPOL
080 _a94(438)A/Z
920 _a978-83-7467-113-2
942 _cKS
008 090511s2008 pl a |000 0 pol
999 _c56338
_d56338
856 _uhttp://koha.tu.koszalin.pl/cgi-bin/koha/opac-detail.pl?biblionumber=56338
_yKatalog online BPK